Diaspora chinoise - Statistiques

Statistiques générales
  • Ce quiz a été pris 195 fois
  • Le résultat moyen est 16 sur 20
Statistiques - réponses
Diaspora chinoise Pays % Correct
5 100 000 États-Unis
99%
600 000 France
99%
1 000 000 Japon
96%
1 796 195 Canada
95%
350 000 Brésil
93%
460 000 Royaume-Uni
93%
980 000 Russie
93%
1 213 903 Australie
92%
1 450 000 Corée du Sud
92%
2 500 000 Viêt Nam
91%
4 300 000 Indonésie
90%
9 500 000 Thaïlande
89%
265 000 Laos
84%
6 250 000 Malaisie
81%
340 000 Italie
78%
2 100 000 Philippines
78%
3 000 000 Birmanie
73%
2 000 000 Singapour
73%
400 000 Arabie saoudite
35%
510 000 Venezuela
12%
Aucun quiz correspondant
Distribution des résultats
% des personnes avec chaque résultat
Percentile par nombre de réponses
Votre historique - résultats
Vous n’avez pas pris ce quiz